000
00322nam a2200133Ia 4500
008
200615s9999||||xx |||||||||||||| ||und||
020
_a
9788122433999
082
_a
624
_b
NON-C
100
_a
CHAUCHAN,DS
245
0
_a
NON-CONVENTIONAL ENERGY RESOURSE
250
_a
3RD
260
_a
New Delhi
_b
NEW AGE
_c
2016
942
_c
BK
999
_c
28981
_d
28981